000 00608nam a2200241 a 4500
001 nice12345678
003 IN_TiNIC
005 20260116012525.0
008 050524s1947 lona grp 000 0 eng
020 _a
_c34
082 0 0 _a248
_bUND1
100 _aUnderhill, Evelyn
245 _aConcerning the Inner Life With the House of the Soul
260 _aLondon
_bMethuen and Company
_c1947
300 _a149p
500 _aincludes index and biblioraphy
505 2 _aIndex
650 _aSpirituality-Christian
700 1 _aUnderhill, Evelyn
902 _bSRS
942 _cBK
999 _c7351
_d7351